Código civil comentado. derechos reales. Doctrina. Jurisprudencia. Bibliografía, Tomo III : artículos 2.970 a 3.261 /

Guardado en:
Formato: Libro
Idioma:Spanish
Publicado: Santa Fe : Rubinzal Culzoni, 2007.
Edición:1a. ed. 1a. reimp.
Materias:
Etiquetas: Agregar Etiqueta
Sin Etiquetas, Sea el primero en etiquetar este registro!
LEADER 00585nam a22001575a 4500
001 DER.der015326
008 251015s2007####|||||||||||||||||#||spa||
005 20251201144759.0
245 1 0 |a Código civil comentado.  |n Tomo III :  |p artículos 2.970 a 3.261 /  |b derechos reales. Doctrina. Jurisprudencia. Bibliografía,  |c dirigido por Claudio Kiper. 
250 |a 1a. ed. 1a. reimp. 
260 |a Santa Fe :  |b Rubinzal Culzoni,  |c 2007. 
300 |a 913 p. 
020 |a 9789507275616 
700 1 |a Kiper, Claudio M.,  |e dir. 
650 7 |a DERECHO CIVIL 
859 |a DERECHO  |b BIB. DERECHO  |h 348.023  |i KIP  |p 005398  |3 Tomo III